Central Library, Doon University
WEBOPAC (ONLINE PUBLIC ACCESS CATALOGUE)

Organic Farming (Record no. 60790)

MARC details
000 -LEADER
fixed length control field 00461nam a22001817a 4500
005 - DATE & TIME
control field 20260514121220.0
008 - FIXED-LENGTH DATA ELEMENTS--GENERAL INFORMATION
fixed length control field 260514b |||||||| |||| 00| 0 eng d
020 ## - ISBN
International Standard Book Number 9788177540581
Price 1895.00
040 ## - CATALOGING SOURCE
Original cataloging agency Doon University
041 ## - Language
Language English
082 ## - DDC NUMBER
Classification number 631.584
Book Number DHA
100 ## - MAIN ENTRY--PERSONAL NAME
Personal name Dhama, A.K.
245 ## - TITLE STATEMENT
Title Organic Farming
Sub Title : For Sustainable Agriculture
260 ## - PUBLICATION, DISTRIBUTION, ETC. (IMPRINT)
Place of publication, distribution, etc Jodhpur
Name of publisher, distributor, etc Agrobios
Date of publication, distribution, etc 1997
300 ## - PHYSICAL DESCRIPTION
Pages 308
650 ## - Subject
Subject Communication
942 ## - ADDED ENTRY ELEMENTS (KOHA)
Koha item type Books
100 ## - MAIN ENTRY--PERSONAL NAME
-- 26820
952 ## - LOCATION AND ITEM INFORMATION (KOHA)
-- 2026-05-14
952 ## - LOCATION AND ITEM INFORMATION (KOHA)
-- 2026-05-14
952 ## - LOCATION AND ITEM INFORMATION (KOHA)
-- 2026-05-14
952 ## - LOCATION AND ITEM INFORMATION (KOHA)
-- 2026-05-14
Holdings
Withdrawn status Lost status Source of classification or shelving scheme Damaged status Not for loan Location (home branch) Sublocation or collection (holding branch) Date acquired Koha full call number Accession No. Koha date last seen Koha item type Koha issues (times borrowed)
        Not For Loan Doon University Doon University 14.05.2026 631.584 DHA 54025 14.05.2026 Reference  
          Doon University Doon University 14.05.2026 631.584 DHA 54026 14.05.2026 Books  
          Doon University Doon University 14.05.2026 631.584 DHA 54027 14.05.2026 Books  
          Doon University Doon University 14.05.2026 631.584 DHA 54028 14.05.2026 Books  
Contact : +91-135-2533126 (Library),+91-135-2533105 (Admin Office) , Email : doonlibrary@gmail.com

Powered by Koha